Pracovný úraz a choroba z povolania
Pracovný úraz, choroba z povolania a Zákonník práce. Ustanovenia zákona o BOZP. Úrazové poistenie, nárok na úrazové dávky.
Guardado en:
| Autor principal: | |
|---|---|
| Formato: | Capítulo de libro |
| Lenguaje: | eslovaco |
| Materias: | |
| Etiquetas: |
Sin Etiquetas, Sea el primero en etiquetar este registro!
|
MARC
| LEADER | 00000naa a2200000 4500 | ||
|---|---|---|---|
| 001 | 0168597 | ||
| 005 | 20231120103338.7 | ||
| 041 | 0 | |a slo | |
| 044 | |a SK | ||
| 245 | 1 | 0 | |a Pracovný úraz a choroba z povolania |c Sandra Mrukviová Tomiová |
| 520 | |a Pracovný úraz, choroba z povolania a Zákonník práce. Ustanovenia zákona o BOZP. Úrazové poistenie, nárok na úrazové dávky. | ||
| 610 | 2 | 0 | |a úrazy pracovné |
| 610 | 2 | 0 | |a choroby z povolania |
| 610 | 2 | 0 | |a poistenie úrazové |
| 610 | 2 | 0 | |a dávky poistné |
| 610 | 2 | 0 | |a úpravy právne |
| 100 | 1 | |a Mrukviová Tomiová, Sandra | |